<?xml version="1.0" encoding="UTF-8"?>
<collection xmlns="http://www.loc.gov/MARC21/slim">
 <record>
  <leader>01101nab a2200181 i 4500</leader>
  <controlfield tag="001">misc41272</controlfield>
  <controlfield tag="005">20191106140713.0</controlfield>
  <controlfield tag="008">180709s2006    hu      o     0||   zxx d</controlfield>
  <datafield tag="022" ind1=" " ind2=" ">
   <subfield code="a">1215-5233</subfield>
  </datafield>
  <datafield tag="040" ind1=" " ind2=" ">
   <subfield code="a">SZTE Miscellanea Repozitórium</subfield>
   <subfield code="b">hun</subfield>
  </datafield>
  <datafield tag="041" ind1=" " ind2=" ">
   <subfield code="a">zxx</subfield>
  </datafield>
  <datafield tag="100" ind1="1" ind2=" ">
   <subfield code="a">Tetler Susan</subfield>
  </datafield>
  <datafield tag="245" ind1="1" ind2="0">
   <subfield code="a">Inkluzív osztályok </subfield>
   <subfield code="h">[elektronikus dokumentum] :</subfield>
   <subfield code="b">a tanítás és tanulás modelljei, dilemmák és kihívások /</subfield>
   <subfield code="c"> Tetler Susan</subfield>
  </datafield>
  <datafield tag="260" ind1=" " ind2=" ">
   <subfield code="c">2006</subfield>
  </datafield>
  <datafield tag="300" ind1=" " ind2=" ">
   <subfield code="a">36-43</subfield>
  </datafield>
  <datafield tag="490" ind1="0" ind2=" ">
   <subfield code="a">Iskolakultúra</subfield>
   <subfield code="v">16 No. 10</subfield>
  </datafield>
  <datafield tag="520" ind1="3" ind2=" ">
   <subfield code="a">Egyetértünk azzal a gondolattal, hogy minden tanuló számára – függetlenül a fogyatékosság típusától és mértékétől – biztosítani kell a lehetőséget a többségi iskolába való bekerülésre. Ennek ellenére mégis a „normalizáljuk a gyermeket” megközelítése jellemzi leginkább gyakorlati tevékenységünket. Pedagógiai megoldásaink egyén-orientáltak, míg az iskola mint rendszer általánosságban véve érintetlen maradt. (Jensen, 1989)</subfield>
  </datafield>
  <datafield tag="856" ind1="4" ind2="0">
   <subfield code="u">http://misc.bibl.u-szeged.hu/41272/1/EPA00011_iskolakultura_2006_10_036-043.pdf</subfield>
   <subfield code="z">Dokumentum-elérés </subfield>
  </datafield>
 </record>
</collection>
